| Tag |
First Indicator |
Second Indicator |
Subfields |
| LEADER |
00000cam a2200000 a 4500 |
| 001 |
in00001428811 |
| 005 |
20151020083005.0 |
| 008 |
950119s1995 ctua b 001 0 eng |
| 010 |
|
|
|a 95000122
|
| 020 |
|
|
|a 1561343196 (alk. paper)
|
| 035 |
|
|
|a (OCoLC)31970145
|
| 035 |
|
|
|9 AHR4089AM
|
| 040 |
|
|
|a DLC
|c DLC
|d TXA
|d UtOrBLW
|
| 043 |
|
|
|a n-us---
|
| 049 |
|
|
|a TXAM
|
| 050 |
0 |
0 |
|a E184.A1
|b S684 1995
|
| 082 |
0 |
0 |
|a 305.8/00973
|2 20
|
| 245 |
0 |
0 |
|a Sources.
|p Notable selections in race and ethnicity /
|c edited by Adalberto Aguirre, Jr., David V. Baker.
|
| 250 |
|
|
|a 1st ed.
|
| 264 |
|
1 |
|a Guilford, Conn. :
|b Dushkin Pub. Group,
|c [1995]
|
| 264 |
|
4 |
|c ©1995
|
| 300 |
|
|
|a xiv, 414 pages :
|b illustrations ;
|c 24 cm.
|
| 336 |
|
|
|a text
|b txt
|2 rdacontent
|
| 337 |
|
|
|a unmediated
|b n
|2 rdamedia
|
| 338 |
|
|
|a volume
|b nc
|2 rdacarrier
|
| 504 |
|
|
|a Includes bibliographical references and index.
|
| 651 |
|
0 |
|a United States
|x Race relations.
|
| 651 |
|
0 |
|a United States
|x Ethnic relations.
|
| 650 |
|
0 |
|a Minorities
|z United States.
|
| 650 |
|
0 |
|a Racism
|z United States.
|
| 650 |
|
0 |
|a Ethnicity
|z United States.
|
| 700 |
1 |
|
|a Aguirre, Adalberto.
|
| 700 |
1 |
|
|a Baker, David V.
|
| 948 |
|
|
|a c:ktn
|
| 999 |
|
|
|a MARS
|
| 999 |
f |
f |
|s 886dce28-e2f1-3bb9-ac33-93d87c1a3a55
|i 73f1744b-c2ec-3f58-bb99-92a0dfa286c3
|t 0
|
| 952 |
f |
f |
|p ric
|a Texas A&M University
|b Rellis Campus
|c Joint Library Facility
|d Remote Storage
|t 0
|e E184.A1 S684 1995
|h Library of Congress classification
|i unmediated -- volume
|m A14823356590
|
| 998 |
f |
f |
|a E184.A1 S684 1995
|t 0
|l Remote Storage
|